000 00270nam a2200097Ia 4500
001 1161047
005 20250827011618.0
008 250824s9999 xx 000 0 und d
245 0 _aTUHAFLAR KULÜBÜ
_cJORDİ SİERRA İ FABRA
260 _bGÜNIŞIĞI KİTAPLIĞI YAYINLARI
999 _c1161047
_d1161047